• 首页
  • 本馆介绍
  • 公告通知
  • 最新文献
  • 馆藏检索
  • 电子资源
  • 读者导购
  • 参考咨询
  • 我的图书馆
  • 登录
  • 详细信息显示
  • 放入我的书架
  • 预约/预借图书
  • 作者相关作品
  • 分类相关作品
  • 丛书相关作品
  • 出版社相关作品

书目信息

  • 表格格式
  • 工作单格式
  • 卡片格式
题名:
自然资源评价教程
    
 
作者: 谢云 编著
分册:  
出版信息: 北京   北京师范大学出版社  2009
页数: 354页
开本: 23cm
丛书名:
单 册:
中图分类: X37
科图分类:
主题词: 自然资源--评价--高等学校--教材 , 自然资源
电子资源:
ISBN: 978-7-303-10026-2
000 00869nam0 2200265 45
001 1029841374
005 20100429095613.25
010    @a978-7-303-10026-2@dCNY34.00
100    @a20100419d2009 em y0chiy50 ea
101 0  @achi
102    @aCN@b110000
105    @ay z 000yy
106    @ar
200 1  @a自然资源评价教程@AZi Ran Zi Yuan Ping Jia Jiao Cheng@f谢云[等]编著@FXie Yun [ Deng ] Bian Zhu
210    @a北京@c北京师范大学出版社@d2009
215    @a354页@c图@d23cm
300    @a新世纪高等学校教材 地理科学系列教材
304    @a编著者还有:符素华、邱扬、苏筠
330    @a本书共分五章,内容包括:概述、气候资源评价、水资源评价、生物资源评价、土地资源评价。
606 0  @a自然资源@x评价@x高等学校@j教材
606 0  @a自然资源
690    @aX37@v4
701  0 @a谢云@AXie Yun@4编著
801  0 @aCN@bTANGWEI@c20100429
905    @b0592953-57@dX37@e162@f5
    
    自然资源评价教程/谢云[等]编著.-北京:北京师范大学出版社,2009
    354页:图;23cm
    新世纪高等学校教材 地理科学系列教材
    
    ISBN 978-7-303-10026-2:CNY34.00
    本书共分五章,内容包括:概述、气候资源评价、水资源评价、生物资源评价、土地资源评价。
●
相关链接 在E读中查询图书 在五车中查询图书 在当当中查询图书 在豆瓣中查询图书


正题名:自然资源评价教程     索取号:X37/162         预约/预借

序号 登录号 条形码 馆藏地/架位号 状态 备注
1 0592953   205929539   第二样本阅览室/ [索取号:X37/162] 在馆    
2 0592954   205929548   第三借阅区/ [索取号:X37/162] 在馆    
3 0592955   205929557   第三借阅区/ [索取号:X37/162] 在馆    
4 0592956   205929566   第三借阅区/ [索取号:X37/162] 在馆    
5 0592957   205929575   第三借阅区/ [索取号:X37/162] 在馆    
唐山师范学院图书馆 欢迎您!
大连网信软件有限公司© 版权所有